| 000 | 00816nam a22002417a 4500 | ||
|---|---|---|---|
| 005 | 20260210164150.0 | ||
| 010 | _aENG-147783 | ||
| 020 |
_a9788199546110 _c450.00 |
||
| 035 | _aEN-131315 | ||
| 037 | _bDBAD | ||
| 082 |
_a006.31 _21 |
||
| 100 |
_aPandey, Anil _987247 |
||
| 245 |
_aMachine Learning: _bThe Power Engine of Modern Industries/ _cAnil Pandey...[et.al] |
||
| 250 | _a1 | ||
| 260 |
_aChhattisgrah _bAditi Publication _c2025 |
||
| 270 |
_aOpp.New Panchajanya Vidya Mandir, Near Tiranga Chowk, Kushalpur,Raipur, Chhattisgrah,INDIA _bRaipur _k+91 9425210308 |
||
| 300 |
_a196p. _c20(pb) |
||
| 700 |
_aMishra, Ankit _eAuthor _987248 |
||
| 700 |
_aNigam, Manoj Kumar _eAuthor _987249 |
||
| 700 |
_aMeshram, Amit Kumar _eAuthor _987250 |
||
| 760 | _b1 | ||
| 942 |
_2ddc _cEN _h006.31 _mPAN _e1 |
||
| 999 |
_c214770 _d214770 |
||